000 00298nam a22001337a 4500
008 171107b xxu||||| |||| 00| 0 eng d
020 _a9780077217020
041 _aeng
080 _a721.053
100 _a62
101 _aAUD
245 _aPRINCIPLES AUDITING
_cWHITTINGTON,O.R
942 _2udc
_cBK
999 _c38176
_d38176